000 01044nam a2200301 4500
003 OSt
005 20260601171008.0
008 260417b2001\\\\-cn\||||\||||\00|\0\spa\d
020 _a8449312485
040 _aICI
_bspa
_cICI
041 _aspa
050 _aHD2755.5
_bK5518
100 1 _aNaomi Klein
_932657
245 1 _a No logo :
_bel poder de las marcas /
_cNaomi Klein ; traduccion de Alejandro Jockl
264 _bPaidos,
_cdeposito legal 2001
_aBarcelona ;
_aMéxico :
300 _a559 páginas
336 _atexto
_2rdacontent
337 _asin medio
_2rdamedia
338 _avolumen
_2rdacarrier
490 _aPaidos contextos ;
_v61
500 _aTraducción de: No logo
650 _2Empresas internacionales
_xAspectos políticos
_932658
650 _2Empresas internacionales
_xOpinion publica
_932659
650 _2 Productos de marca
_xAspectos políticos
_932658
650 _2 Productos de marca registrada
_xOpinion publica
_932659
700 _aJockl, Alejandro
_etraductor
_q(Jockl Rueda),
_932660
942 _2lcc
_cB
999 _c20382
_d20382